[Event "4NCL/Div1/CAMB1 vs. NWE1"]
[Site "Sunningdale ENG"]
[Date "2008.05.03"]
[Round "9.5"]
[White "Conlon, Joe"]
[Black "Redmond, John"]
[Result "1-0"]
[WhiteElo "2194"]
[BlackElo "2205"]
[PlyCount "67"]
[EventDate "2008.05.03"]
[EventCountry "ENG"]
[SourceDate "2007.09.15"]

1. e4 e6 2. d4 d5 3. Nc3 Nc6 4. Be3 Nge7 5. Qd2 dxe4 6. Nxe4 Nf5 7. Nf3 Be7 8.
Bc4 O-O 9. O-O-O Nb4 10. a3 Nd5 11. g4 Nfxe3 12. fxe3 b6 13. Rhg1 Bb7 14. Bd3
c5 15. dxc5 bxc5 16. c4 Nf6 17. Nxf6+ Bxf6 18. g5 Bxb2+ 19. Qxb2 Bxf3 20. Bxh7+
Kxh7 21. Rxd8 Rfxd8 22. Qc2+ Kg8 23. g6 Rd7 24. gxf7+ Rxf7 25. Qg6 Re8 26. h4
Ree7 27. Rg5 e5 28. Qd6 Be4 29. Rxe5 Rf1+ 30. Kd2 Rf2+ 31. Ke1 Ref7 32. Rxe4
Rf1+ 33. Kd2 R7f2+ 34. Kc3 1-0

[Event "4NCL/Div1/CAMB1 vs. NWE1"]
[Site "Sunningdale ENG"]
[Date "2008.05.03"]
[Round "9.6"]
[White "Hulmes, David I"]
[Black "Pickard, Charles"]
[Result "1/2-1/2"]
[WhiteElo "2203"]
[BlackElo "2185"]
[PlyCount "55"]
[EventDate "2008.05.03"]
[EventCountry "ENG"]
[SourceDate "2007.09.15"]

1. e4 c5 2. Nf3 e6 3. d4 cxd4 4. Nxd4 Nf6 5. Nc3 Nc6 6. Ndb5 Bb4 7. a3 Bxc3+ 8.
Nxc3 d5 9. exd5 exd5 10. Bd3 d4 11. Ne2 O-O 12. O-O Qd5 13. Bf4 Bf5 14. Re1
Rfe8 15. Bg3 Ne4 16. Nf4 Qd7 17. Bxe4 Rxe4 18. Rxe4 Bxe4 19. f3 Bf5 20. Bf2 Rd8
21. Qd2 Qd6 22. Nd3 Qd5 23. Rd1 Qb5 24. b3 f6 25. Qf4 Bxd3 26. Rxd3 Qc5 27. Qc1
a5 28. Qb2 1/2-1/2

[Event "4NCL/Div1/CAMB1 vs. NWE1"]
[Site "Sunningdale ENG"]
[Date "2008.05.03"]
[Round "9.7"]
[White "Cooley, Oliver"]
[Black "Bowmer, Kevin"]
[Result "1-0"]
[WhiteElo "2117"]
[BlackElo "2120"]
[PlyCount "51"]
[EventDate "2008.05.03"]
[EventCountry "ENG"]
[SourceDate "2007.09.15"]

1. e4 c5 2. Nf3 d6 3. d4 cxd4 4. Nxd4 Nf6 5. Nc3 a6 6. Bg5 e6 7. Qd2 h6 8. Bxf6
Qxf6 9. O-O-O Qd8 10. f4 Be7 11. Kb1 O-O 12. g4 Nc6 13. Nf3 b5 14. g5 h5 15. g6
fxg6 16. Rg1 b4 17. Nd5 exd5 18. Qxd5+ Kh8 19. Rxg6 Bg4 20. Rxg4 g5 21. Rxg5
Bxg5 22. Nxg5 Ne5 23. Ne6 Qf6 24. fxe5 Qxf1 25. Nxf8 Rxf8 26. exd6 1-0

[Event "4NCL/Div1/CAMB1 vs. NWE1"]
[Site "Sunningdale ENG"]
[Date "2008.05.03"]
[Round "9.8"]
[White "Grigoryan-Lyell, Meri"]
[Black "Broomfield, Lucy"]
[Result "1-0"]
[WhiteElo "2058"]
[BlackElo "1967"]
[PlyCount "65"]
[EventDate "2008.05.03"]
[EventCountry "ENG"]
[SourceDate "2007.09.15"]

1. d4 d5 2. c4 e6 3. Nf3 Nf6 4. Qc2 Nc6 5. c5 Be7 6. Bf4 O-O 7. Nc3 a6 8. a3
Nh5 9. e3 Nxf4 10. exf4 f5 11. Rd1 Bf6 12. Ne5 Qe8 13. b4 Bd7 14. Be2 Bxe5 15.
fxe5 Qe7 16. Bf3 Be8 17. h4 Bg6 18. h5 Be8 19. Rd3 Qg5 20. Rh3 f4 21. Qd1 Ne7
22. Kf1 c6 23. Qd2 Nf5 24. g3 Nh6 25. Ne2 Rf5 26. Nxf4 Kf7 27. Rh1 Ke7 28. Bg2
Ng4 29. Bh3 Bxh5 30. f3 Nxe5 31. Bxf5 Qxf5 32. Rxh5 Nc4 33. Qe2 1-0

[Event "4NCL/Div1/GUI1 vs. BET"]
[Site "Sunningdale ENG"]
[Date "2008.05.04"]
[Round "10.1"]
[White "Rowson, Jonathan"]
[Black "Hunt, Adam C"]
[Result "1-0"]
[WhiteElo "2582"]
[BlackElo "2453"]
[PlyCount "61"]
[EventDate "2008.05.04"]
[SourceDate "2007.09.15"]

1. d4 Nf6 2. c4 g6 3. Nc3 Bg7 4. e4 d6 5. f3 O-O 6. Be3 c5 7. dxc5 dxc5 8. Qxd8
Rxd8 9. Bxc5 Nc6 10. Nge2 Nd7 11. Bf2 Nde5 12. Nf4 g5 13. Nfd5 e6 14. Nc7 Rb8
15. Rd1 Rxd1+ 16. Kxd1 Bd7 17. N7b5 a6 18. Na3 Nb4 19. Be3 h6 20. h4 Ned3 21.
Bxd3 Nxd3 22. Kc2 Nxb2 23. Kxb2 b5 24. Rd1 Rb7 25. Bd4 e5 26. Bc5 b4 27. hxg5
bxa3+ 28. Kxa3 hxg5 29. Nd5 f6 30. g4 Kf7 31. Rd3 1-0

[Event "4NCL/Div1/GUI1 vs. BET"]
[Site "Sunningdale ENG"]
[Date "2008.05.04"]
[Round "10.2"]
[White "Hunt, Harriet"]
[Black "Conquest, Stuart C"]
[Result "0-1"]
[WhiteElo "2454"]
[BlackElo "2530"]
[PlyCount "82"]
[EventDate "2008.05.04"]
[SourceDate "2007.09.15"]

1. e4 c6 2. d4 d5 3. e5 Bf5 4. Nf3 e6 5. Be2 Ne7 6. O-O h6 7. b3 c5 8. Be3 cxd4
9. Nxd4 Nbc6 10. Bb5 a6 11. Bxc6+ bxc6 12. c4 Bh7 13. c5 Ng6 14. Nxc6 Qc8 15.
Nd4 Bxc5 16. Nd2 Ba7 17. Rc1 Qb7 18. Qg4 O-O 19. N2f3 Rac8 20. h4 Kh8 21. Qh5
Rxc1 22. Rxc1 Rc8 23. Rd1 Qe7 24. Qg4 Bb8 25. Qh5 Kg8 26. a4 Kh8 27. Bd2 Qf8
28. Re1 Ba7 29. Qg4 Qd8 30. h5 Ne7 31. Be3 Bb8 32. Qf4 Kg8 33. Qh4 Nc6 34. Qg3
Nxd4 35. Nxd4 Rc3 36. Rc1 Qc8 37. Rd1 Be4 38. Qf4 Qc7 39. Bd2 Rd3 40. f3 Rxd4
41. fxe4 Rxe4 0-1

[Event "4NCL/Div1/GUI1 vs. BET"]
[Site "Sunningdale ENG"]
[Date "2008.05.04"]
[Round "10.4"]
[White "Pert, Richard G"]
[Black "Prie, Eric"]
[Result "1/2-1/2"]
[WhiteElo "2466"]
[BlackElo "2520"]
[PlyCount "47"]
[EventDate "2008.05.04"]
[SourceDate "2007.09.15"]

1. d4 d5 2. c4 c6 3. Nc3 Nf6 4. Nf3 a6 5. e3 b5 6. b3 Bg4 7. Be2 e6 8. O-O Nbd7
9. h3 Bh5 10. Bb2 Qb8 11. Ne5 Nxe5 12. dxe5 Qxe5 13. Nxd5 Qxb2 14. Nxf6+ Qxf6
15. Bxh5 Ba3 16. Bf3 Rc8 17. Qd2 bxc4 18. bxc4 Qe5 19. Rfd1 O-O 20. Rab1 a5 21.
Rb6 Bb4 22. Qd4 Qf5 23. Rxc6 Qc2 24. Rxc8 1/2-1/2

[Event "4NCL/Div1/GUI1 vs. BET"]
[Site "Sunningdale ENG"]
[Date "2008.05.04"]
[Round "10.5"]
[White "Howell, David W L"]
[Black "Webb, Laurence E"]
[Result "1-0"]
[WhiteElo "2533"]
[BlackElo "2309"]
[PlyCount "101"]
[EventDate "2008.05.04"]
[SourceDate "2007.09.15"]

1. e4 e5 2. Nf3 Nc6 3. Bc4 Nf6 4. d3 Be7 5. O-O O-O 6. Re1 d6 7. a4 Be6 8. Nc3
Re8 9. a5 a6 10. Ng5 Bxc4 11. dxc4 Nd4 12. Nf3 c5 13. Bg5 Nd7 14. Bd2 Rc8 15.
Nd5 Nf6 16. Nb6 Rb8 17. Nxd4 cxd4 18. c3 dxc3 19. Bxc3 Nd7 20. Nd5 Nf6 21. Nb6
Nd7 22. Nd5 Nf6 23. Nb4 Qc7 24. Qe2 Rbc8 25. b3 Red8 26. Red1 h6 27. Rd3 Rd7
28. Qf3 Qd8 29. Nd5 Nxd5 30. Rxd5 Rc5 31. Rad1 Rxd5 32. Rxd5 Qc7 33. g3 Rd8 34.
Qd1 Qc8 35. Kg2 Qc7 36. f4 f6 37. h4 Qc8 38. Bb4 Qc7 39. Qg4 Kf7 40. Qh5+ Kg8
41. Bd2 Qc6 42. Qg4 Kf7 43. h5 Kf8 44. Bb4 Kf7 45. Qg6+ Kg8 46. fxe5 fxe5 47.
Qe6+ Kf8 48. Rxe5 Qd7 49. Rf5+ Bf6 50. Qxd7 Rxd7 51. e5 1-0

[Event "4NCL/Div1/GUI1 vs. BET"]
[Site "Sunningdale ENG"]
[Date "2008.05.04"]
[Round "10.6"]
[White "Ortmann, David"]
[Black "Pert, Nicholas"]
[Result "1/2-1/2"]
[WhiteElo "2307"]
[BlackElo "2545"]
[PlyCount "73"]
[EventDate "2008.05.04"]
[SourceDate "2007.09.15"]

1. Nf3 d5 2. d4 Nf6 3. c4 c6 4. Nc3 dxc4 5. a4 Bf5 6. Nh4 e6 7. Nxf5 exf5 8. e3
Bb4 9. Bxc4 O-O 10. O-O Nbd7 11. Qc2 Nb6 12. Bb3 Qd7 13. a5 Nbd5 14. Bd2 Bd6
15. Nxd5 cxd5 16. Ba4 Qe6 17. Qb3 Rab8 18. Bb5 a6 19. Bd3 b6 20. h3 Ne4 21.
Bxe4 fxe4 22. Rfc1 bxa5 23. Qa2 f5 24. Bxa5 f4 25. Bc7 Bxc7 26. Rxc7 Rb6 27.
Rc5 Rd6 28. exf4 Rxf4 29. Qb3 h6 30. Rac1 Kh7 31. Qg3 Rf5 32. Rc7 Rg5 33. Qf4
Qg6 34. Rxg7+ Kxg7 35. Rc7+ Kg8 36. Rc8+ Kh7 37. Rc7+ 1/2-1/2

[Event "4NCL/Div1/GUI1 vs. BET"]
[Site "Sunningdale ENG"]
[Date "2008.05.04"]
[Round "10.7"]
[White "Kosten, Anthony C"]
[Black "Ledger, David J"]
[Result "1-0"]
[WhiteElo "2496"]
[BlackElo "2273"]
[PlyCount "43"]
[EventDate "2008.05.04"]
[SourceDate "2007.09.15"]

1. c4 e5 2. Nc3 d6 3. g3 f5 4. d4 Nc6 5. dxe5 dxe5 6. Qxd8+ Nxd8 7. Bh3 c6 8.
b3 Nf6 9. Bb2 Nf7 10. Nf3 Bd6 11. O-O-O Bc7 12. Ba3 a6 13. e4 b5 14. Bxf5 Bxf5
15. exf5 Rb8 16. cxb5 axb5 17. Bc5 b4 18. Na4 Rb5 19. Rhe1 Nd7 20. Be3 Nd6 21.
g4 h6 22. Bf4 1-0

[Event "4NCL/Div1/GUI1 vs. BET"]
[Site "Sunningdale ENG"]
[Date "2008.05.04"]
[Round "10.8"]
[White "Eames, Robert G"]
[Black "Lalic, Susan"]
[Result "1/2-1/2"]
[WhiteElo "2315"]
[BlackElo "2341"]
[PlyCount "130"]
[EventDate "2008.05.04"]
[SourceDate "2007.09.15"]

1. e4 d5 2. exd5 Nf6 3. d4 Bg4 4. f3 Bf5 5. Bb5+ Nbd7 6. c4 e6 7. dxe6 Bxe6 8.
d5 Bf5 9. Ne2 Bb4+ 10. Nbc3 O-O 11. Bxd7 Nxd7 12. O-O Re8 13. Ng3 Bg6 14. Nce4
Nc5 15. a3 Nxe4 16. Nxe4 Bf8 17. Qd4 b6 18. Kh1 Qh4 19. Qf2 Qxf2 20. Nxf2 Bd6
21. Bd2 Be5 22. Bc3 Bxc3 23. bxc3 Re2 24. a4 a5 25. Kg1 Rae8 26. Rad1 Rc2 27.
Rfe1 Rxe1+ 28. Rxe1 Kf8 29. Ng4 Rxc3 30. Ne5 Bf5 31. g4 f6 32. Nc6 Bd7 33. Re4
Bxc6 34. dxc6 Rxf3 35. Rd4 Re3 36. Rd7 Re7 37. Rd8+ Kf7 38. Kf2 Kg6 39. Rd7 Kf7
40. Rd5 Ke8 41. Kf3 g5 42. c5 bxc5 43. Rxc5 Re6 44. Rxa5 Rxc6 45. Ra8+ Kf7 46.
a5 Rc2 47. a6 Rxh2 48. Rh8 Rh3+ 49. Kf2 Ra3 50. Rxh7+ Ke6 51. Rxc7 Rxa6 52. Rc5
Ra3 53. Rb5 Rd3 54. Ra5 Rd5 55. Ra4 Ke5 56. Ke3 Rb5 57. Re4+ Kd5 58. Re8 Rb3+
59. Kf2 Rb6 60. Kf3 Rb3+ 61. Kf2 Ra3 62. Re7 Kd6 63. Re8 Ra5 64. Kf3 Re5 65.
Ra8 Ke6 1/2-1/2

[Event "4NCL/Div1/NWE1 vs. SLOS1"]
[Site "Sunningdale ENG"]
[Date "2008.05.04"]
[Round "10.1"]
[White "Morrison, Graham"]
[Black "Jones, Gawain C B"]
[Result "1/2-1/2"]
[WhiteElo "2332"]
[BlackElo "2522"]
[PlyCount "113"]
[EventDate "2008.05.04"]
[SourceDate "2007.09.15"]

1. d4 Nf6 2. c4 c5 3. d5 b5 4. cxb5 a6 5. e3 g6 6. Nc3 Bg7 7. Nf3 O-O 8. a4 Bb7
9. Rb1 e6 10. dxe6 fxe6 11. Be2 axb5 12. axb5 Ne4 13. Bd2 d5 14. O-O d4 15.
exd4 cxd4 16. Nxe4 Bxe4 17. Qb3 Bxb1 18. Rxb1 Kh8 19. Qxe6 Re8 20. Qc4 Nd7 21.
Bf1 Rc8 22. Qd5 Bf6 23. Ng5 Ne5 24. Qxe5 Rxe5 25. Nf7+ Kg7 26. Nxd8 Bxd8 27.
Bd3 g5 28. Ra1 Rec5 29. g4 Bb6 30. Ra6 Rb8 31. Kg2 h6 32. h4 gxh4 33. Kh3 Rd5
34. Kxh4 Rd7 35. Bf4 Bd8+ 36. Kh3 Rb6 37. Kg2 Rdb7 38. Bc4 Rg6 39. Be5+ Bf6 40.
Bd3 Rxg4+ 41. Kf3 Bxe5 42. Kxg4 Rf7 43. Rg6+ Kf8 44. Re6 Rf4+ 45. Kh5 Bb8 46.
Rb6 Be5 47. Re6 Bb8 48. Rxh6 Ke7 49. Rh7+ Ke6 50. Bc4+ Kd6 51. Rb7 Kc5 52. Rxb8
Kxc4 53. b6 Kb5 54. b7 Kb6 55. Rd8 Kxb7 56. Kg5 Rxf2 57. Rxd4 1/2-1/2

[Event "4NCL/Div1/NWE1 vs. SLOS1"]
[Site "Sunningdale ENG"]
[Date "2008.05.04"]
[Round "10.3"]
[White "Lyell, Mark"]
[Black "Jessel, Stephen"]
[Result "0-1"]
[WhiteElo "2237"]
[BlackElo "2300"]
[PlyCount "76"]
[EventDate "2008.05.04"]
[SourceDate "2007.09.15"]

1. e4 e6 2. d4 d5 3. e5 c5 4. c3 Nc6 5. Nf3 Qb6 6. a3 a5 7. b3 Nh6 8. Be2 cxd4
9. cxd4 Nf5 10. Bb2 Be7 11. O-O O-O 12. Bd3 Bd7 13. Kh1 Kh8 14. Bc2 Rac8 15. g4
Nh4 16. Nxh4 Bxh4 17. Qd3 g6 18. Nd2 Nxe5 19. dxe5 Bb5 20. Qh3 Bxf1 21. Qxh4
Rxc2 22. Rxf1 Qd8 23. Qh6 Rxb2 24. Rc1 Rg8 25. Kg1 g5 26. Nf3 Rg6 27. Qh5 Kg7
28. Rc3 Rh6 29. Qxg5+ Qxg5 30. Nxg5 Rg6 31. f4 h6 32. h4 hxg5 33. h5 Rh6 34.
fxg5 Rh8 35. Rc7 d4 36. g6 d3 37. Rxf7+ Kh6 38. Rf1 Re2 0-1

[Event "4NCL/Div1/NWE1 vs. SLOS1"]
[Site "Sunningdale ENG"]
[Date "2008.05.04"]
[Round "10.4"]
[White "Muter, Donny"]
[Black "Coates, Kenneth G"]
[Result "0-1"]
[WhiteElo "2211"]
[BlackElo "2234"]
[PlyCount "26"]
[EventDate "2008.05.04"]
[SourceDate "2007.09.15"]

1. d4 d5 2. Nf3 Nf6 3. c4 c6 4. Nc3 dxc4 5. e4 b5 6. e5 Nd5 7. Ng5 h6 8. Qh5 g6
9. Qh4 Bg7 10. Nge4 Nb4 11. Be3 Nc2+ 12. Kd2 Nxa1 13. Kc1 Bf5 0-1

[Event "4NCL/Div1/NWE1 vs. SLOS1"]
[Site "Sunningdale ENG"]
[Date "2008.05.04"]
[Round "10.5"]
[White "Redmond, John"]
[Black "Williams, Samuel G"]
[Result "1/2-1/2"]
[WhiteElo "2205"]
[BlackElo "2249"]
[PlyCount "43"]
[EventDate "2008.05.04"]
[SourceDate "2007.09.15"]

1. c4 Nf6 2. Nc3 d5 3. cxd5 Nxd5 4. g3 e5 5. Bg2 Be6 6. Nf3 Nc6 7. d4 Bb4 8.
Bd2 exd4 9. Nxd5 Bxd2+ 10. Qxd2 Bxd5 11. O-O O-O 12. Rfd1 Qf6 13. b4 Rfd8 14.
Rac1 d3 15. b5 dxe2 16. Qxe2 Bxf3 17. Qxf3 Qxf3 18. Bxf3 Nd4 19. Bxb7 Rab8 20.
Rxd4 Rxd4 21. Rxc7 Ra4 22. Bd5 1/2-1/2

[Event "4NCL/Div1/NWE1 vs. SLOS1"]
[Site "Sunningdale ENG"]
[Date "2008.05.04"]
[Round "10.7"]
[White "Chin, Francis"]
[Black "Van Weersel, Arlette"]
[Result "1/2-1/2"]
[WhiteElo "2265"]
[BlackElo "2203"]
[PlyCount "57"]
[EventDate "2008.05.04"]
[SourceDate "2007.09.15"]

1. d4 Nf6 2. Nf3 e6 3. c4 b6 4. g3 Bb7 5. Bg2 c5 6. d5 exd5 7. Nh4 g6 8. Nc3
Bg7 9. O-O O-O 10. Bg5 h6 11. Bxf6 Qxf6 12. Nxd5 Bxd5 13. Qxd5 Nc6 14. Rad1
Rad8 15. Rd2 Nb4 16. Qb7 Nxa2 17. Rfd1 a5 18. Be4 Nb4 19. Rxd7 Rxd7 20. Rxd7
Qxb2 21. Qxb6 Qxe2 22. Bxg6 Qxc4 23. Nf5 Qc1+ 24. Kg2 Qg5 25. Qe6 fxe6 26.
Rxg7+ Kh8 27. Rh7+ Kg8 28. Rg7+ Kh8 29. Rh7+ 1/2-1/2

[Event "4NCL/Div1/GUI2 vs. AD"]
[Site "Sunningdale ENG"]
[Date "2008.05.04"]
[Round "10.2"]
[White "Cernousek, Lukas"]
[Black "Flear, Glenn C"]
[Result "0-1"]
[WhiteElo "2435"]
[BlackElo "2508"]
[PlyCount "56"]
[EventDate "2008.05.04"]
[EventCountry "ENG"]
[SourceDate "2007.09.15"]

1. d4 d5 2. Nf3 Nf6 3. c4 c6 4. cxd5 cxd5 5. Nc3 Nc6 6. Bf4 a6 7. e3 Bg4 8. Be2
Rc8 9. O-O e6 10. Qb3 Na5 11. Qa4+ Nd7 12. Rfc1 Nc4 13. Ne5 Ncb6 14. Qb3 Nxe5
15. Bxe5 Bxe2 16. Nxe2 Rc4 17. Rxc4 dxc4 18. Qc2 Qd7 19. Rc1 f6 20. Bg3 Be7 21.
b3 Ba3 22. Rb1 Qc6 23. Qc3 O-O 24. b4 Qa4 25. e4 Rc8 26. h4 Nd7 27. Nf4 Nf8 28.
Nd3 cxd3 0-1

[Event "4NCL/Div1/GUI2 vs. AD"]
[Site "Sunningdale ENG"]
[Date "2008.05.04"]
[Round "10.3"]
[White "Cherniaev, Alexander"]
[Black "Davies, Nigel R"]
[Result "1/2-1/2"]
[WhiteElo "2449"]
[BlackElo "2477"]
[PlyCount "61"]
[EventDate "2008.05.04"]
[EventCountry "ENG"]
[SourceDate "2007.09.15"]

1. e4 d6 2. Nc3 g6 3. f4 Bg7 4. Nf3 Bg4 5. h3 Bxf3 6. Qxf3 e6 7. g3 c6 8. Bg2
Qb6 9. Ne2 Ne7 10. Qf2 Nd7 11. O-O O-O 12. d3 Qxf2+ 13. Kxf2 a5 14. a4 Rfb8 15.
Rd1 b5 16. d4 d5 17. axb5 cxb5 18. exd5 Nxd5 19. Bd2 b4 20. b3 N7b6 21. Ra2 a4
22. bxa4 Rxa4 23. Rxa4 Nxa4 24. Bxd5 exd5 25. Rb1 Bf8 26. Rb3 Rc8 27. c3 bxc3
28. Bxc3 Bd6 29. Ke3 Kf8 30. Kd3 Rb8 31. Rxb8+ 1/2-1/2

[Event "4NCL/Div1/GUI2 vs. AD"]
[Site "Sunningdale ENG"]
[Date "2008.05.04"]
[Round "10.4"]
[White "Jirka, Jiri"]
[Black "Gallagher, Joseph G"]
[Result "0-1"]
[WhiteElo "2400"]
[BlackElo "2480"]
[PlyCount "76"]
[EventDate "2008.05.04"]
[EventCountry "ENG"]
[SourceDate "2007.09.15"]

1. d4 Nf6 2. c4 g6 3. g3 Bg7 4. Bg2 O-O 5. Nc3 d6 6. Nf3 Nbd7 7. O-O e5 8. h3
a6 9. Qc2 exd4 10. Nxd4 Ne5 11. Nd5 c5 12. Nb3 Nxd5 13. cxd5 b5 14. a4 Bd7 15.
Bd2 Nc4 16. Bc3 Bxc3 17. Qxc3 Qe7 18. Rfe1 f5 19. axb5 Bxb5 20. e4 f4 21. Nxc5
fxg3 22. Qxg3 dxc5 23. e5 Nxb2 24. d6 Qe6 25. Bxa8 Rxa8 26. Reb1 Na4 27. Ra3
Rf8 28. Rf3 Rxf3 29. Qxf3 Nb6 30. Re1 Nd7 31. Qg4 Kf7 32. Qf3+ Kg7 33. Qg4 Qd5
34. e6 Bc6 35. Kh2 Ne5 36. Rxe5 Qxe5+ 37. f4 Qxd6 38. Qg5 Qd2+ 0-1

[Event "4NCL/Div1/GUI2 vs. AD"]
[Site "Sunningdale ENG"]
[Date "2008.05.04"]
[Round "10.5"]
[White "Shaw, John K"]
[Black "Richardson, John R"]
[Result "1-0"]
[WhiteElo "2467"]
[BlackElo "2305"]
[PlyCount "87"]
[EventDate "2008.05.04"]
[EventCountry "ENG"]
[SourceDate "2007.09.15"]

1. e4 d5 2. exd5 Qxd5 3. Nf3 Nf6 4. d4 Bg4 5. Be2 c6 6. O-O e6 7. c4 Qd6 8. Nc3
Nbd7 9. Be3 Be7 10. Qd2 O-O 11. Bf4 Qb4 12. c5 Rfe8 13. a3 Qa5 14. h3 Bxf3 15.
Bxf3 Qd8 16. b4 Nd5 17. Nxd5 exd5 18. Rfe1 Nf8 19. Bg4 a5 20. b5 cxb5 21. Rab1
Bf6 22. Be3 Ne6 23. Bxe6 Rxe6 24. Rxb5 b6 25. Rc1 bxc5 26. Rcxc5 a4 27. Rxd5
Qf8 28. Ra5 Be7 29. Qd3 Bd6 30. Rdb5 h6 31. Qd1 Rae8 32. Qxa4 Rxe3 33. fxe3
Rxe3 34. Rb1 Qe7 35. Ra8+ Kh7 36. Qc2+ g6 37. Rf1 f5 38. Qc8 Qg7 39. Qc4 Re4
40. Rd1 f4 41. Qd5 Re2 42. Qxd6 Qb7 43. d5 Qxa8 44. Qd7+ 1-0

[Event "4NCL/Div1/GUI2 vs. AD"]
[Site "Sunningdale ENG"]
[Date "2008.05.04"]
[Round "10.6"]
[White "Snape, Ian"]
[Black "Tissir, Mohamed"]
[Result "0-1"]
[WhiteElo "2212"]
[BlackElo "2444"]
[PlyCount "78"]
[EventDate "2008.05.04"]
[EventCountry "ENG"]
[SourceDate "2007.09.15"]

1. e4 c5 2. Nf3 a6 3. c4 e6 4. Nc3 Nc6 5. a3 Nge7 6. b4 cxb4 7. axb4 Nxb4 8. d4
d5 9. Qa4+ Nec6 10. Be2 Be7 11. O-O O-O 12. Rd1 Bd7 13. c5 b5 14. Qb3 dxe4 15.
Nxe4 Qc7 16. Bg5 Bxg5 17. Nfxg5 h6 18. Nf3 Nd5 19. Nd6 b4 20. Rxa6 Nc3 21. Rxa8
Rxa8 22. Bd3 Ra3 23. Qc2 Nxd1 24. Qxd1 Qa5 25. Bb1 Qa4 26. Qe1 Ra1 27. d5 exd5
28. h3 b3 29. Kh2 Qf4+ 30. Kg1 b2 31. Nd2 Qb4 32. Qe3 Qxd2 33. Qxd2 Rxb1+ 34.
Kh2 Rh1+ 35. Kxh1 b1=Q+ 36. Kh2 Be6 37. Qf4 Qc2 38. Qg3 Qxc5 39. Ne8 Qd4 0-1

[Event "4NCL/Div1/GUI2 vs. AD"]
[Site "Sunningdale ENG"]
[Date "2008.05.04"]
[Round "10.7"]
[White "Buckley, Graeme"]
[Black "Anderton, David"]
[Result "1/2-1/2"]
[WhiteElo "2390"]
[BlackElo "2239"]
[PlyCount "58"]
[EventDate "2008.05.04"]
[EventCountry "ENG"]
[SourceDate "2007.09.15"]

1. d4 f5 2. h3 d6 3. g4 Nc6 4. d5 Ne5 5. Nc3 fxg4 6. hxg4 Bxg4 7. Bf4 Nf7 8.
Qd3 Nf6 9. Nf3 Qc8 10. Nd4 Nd8 11. O-O-O c5 12. dxc6 bxc6 13. Bg5 e5 14. Nb3
Bf5 15. e4 Be6 16. f4 Nf7 17. Qg3 a5 18. fxe5 dxe5 19. Be3 Bxb3 20. axb3 Qg4
21. Qf2 Rd8 22. Rxd8+ Nxd8 23. Bb6 Qf4+ 24. Qxf4 exf4 25. Bh3 Bb4 26. e5 Bxc3
27. bxc3 Nd5 28. Bd4 Kf7 29. Kd2 Ne6 1/2-1/2

[Event "4NCL/Div1/GUI2 vs. AD"]
[Site "Sunningdale ENG"]
[Date "2008.05.04"]
[Round "10.8"]
[White "Bellin, Jana"]
[Black "Sasu-Ducsoara, Andreea"]
[Result "1/2-1/2"]
[WhiteElo "2170"]
[BlackElo "2247"]
[PlyCount "51"]
[EventDate "2008.05.04"]
[EventCountry "ENG"]
[SourceDate "2007.09.15"]

1. d4 Nf6 2. Nf3 e6 3. c4 b6 4. g3 Ba6 5. b3 Bb4+ 6. Bd2 Be7 7. Bg2 d5 8. O-O
O-O 9. Bc3 c6 10. Ne5 Nfd7 11. Nxd7 Nxd7 12. Nd2 b5 13. Re1 Rc8 14. e4 bxc4 15.
bxc4 dxc4 16. Qa4 Bb5 17. Qc2 c5 18. d5 exd5 19. exd5 Bf6 20. Nxc4 Bxc4 21.
Bxf6 Qxf6 22. Qxc4 Rfd8 23. Rad1 g6 24. Qa4 c4 25. Qxa7 Ra8 26. Qd4 1/2-1/2

[Event "4NCL/Div1/WGR vs. HKF1"]
[Site "Sunningdale ENG"]
[Date "2008.05.04"]
[Round "10.1"]
[White "Turner, Matthew J"]
[Black "Greet, Andrew N"]
[Result "1-0"]
[WhiteElo "2486"]
[BlackElo "2445"]
[PlyCount "65"]
[EventDate "2008.05.04"]
[EventCountry "ENG"]
[SourceDate "2007.09.15"]

1. d4 Nf6 2. Nf3 e6 3. c4 b6 4. Nc3 Bb4 5. Bg5 h6 6. Bh4 g5 7. Bg3 Ne4 8. Qc2
Bb7 9. Nd2 Bxc3 10. bxc3 f5 11. f3 Nxd2 12. Qxd2 d6 13. h4 Rg8 14. hxg5 hxg5
15. c5 dxc5 16. e3 Qe7 17. Rh6 f4 18. exf4 Nd7 19. fxg5 O-O-O 20. Bd3 e5 21. d5
Bxd5 22. O-O-O c4 23. Bf5 c6 24. Bh4 Rdf8 25. Bg4 Kb8 26. g6 Nf6 27. Kb2 Qc5
28. g7 Nxg4 29. gxf8=Q+ Qxf8 30. fxg4 Rxg4 31. g3 Qf3 32. Rf6 Qe4 33. Re1 1-0

[Event "4NCL/Div1/WGR vs. HKF1"]
[Site "Sunningdale ENG"]
[Date "2008.05.04"]
[Round "10.3"]
[White "Martin, Andrew D"]
[Black "Lindner, Daniel"]
[Result "1/2-1/2"]
[WhiteElo "2426"]
[BlackElo "2245"]
[PlyCount "55"]
[EventDate "2008.05.04"]
[EventCountry "ENG"]
[SourceDate "2007.09.15"]

1. c4 Nf6 2. d4 e6 3. Nc3 Bb4 4. e3 b6 5. Nge2 Ne4 6. f3 Nxc3 7. bxc3 Be7 8.
Ng3 d6 9. e4 Nc6 10. Bd3 Na5 11. f4 Ba6 12. O-O Qd7 13. f5 O-O-O 14. fxe6 fxe6
15. Rf7 Qe8 16. Rxg7 Bf6 17. Rg4 h5 18. Rf4 Bg5 19. Rf2 Bxc1 20. Rxc1 h4 21.
Nf1 Bxc4 22. Ne3 Bxd3 23. Qxd3 Kb7 24. Rcf1 Rd7 25. Ng4 Rg7 26. h3 Qa4 27. Qc2
Qxc2 28. Rxc2 1/2-1/2

[Event "4NCL/Div1/WGR vs. HKF1"]
[Site "Sunningdale ENG"]
[Date "2008.05.04"]
[Round "10.4"]
[White "Briscoe, Christopher"]
[Black "Sowray, Peter J"]
[Result "1-0"]
[WhiteElo "2259"]
[BlackElo "2335"]
[PlyCount "131"]
[EventDate "2008.05.04"]
[EventCountry "ENG"]
[SourceDate "2007.09.15"]

1. e4 c6 2. d4 d5 3. e5 c5 4. dxc5 e6 5. Be3 Nh6 6. c3 Nd7 7. Bb5 Qc7 8. Nf3
Nf5 9. Bd4 Bxc5 10. O-O O-O 11. Bd3 Be7 12. Re1 Nc5 13. Bc2 b6 14. Nbd2 Bb7 15.
Rc1 Qd8 16. b4 Nd7 17. Nf1 Bg5 18. Rb1 g6 19. Ne3 Bh6 20. Nxf5 gxf5 21. Qd3 Kh8
22. h3 Rg8 23. Kh2 Nf8 24. a4 Ng6 25. g3 Qc7 26. h4 Ne7 27. b5 Rg4 28. Rg1 Rag8
29. Kh3 Ng6 30. Rbe1 Qd8 31. Qd1 Rg7 32. h5 Nf8 33. Nh2 Nd7 34. Nxg4 fxg4+ 35.
Kg2 Qg5 36. f4 gxf3+ 37. Qxf3 Qe7 38. Re2 Nc5 39. Kh2 Ne4 40. Bxe4 dxe4 41. Qf6
Qxf6 42. exf6 Rg5 43. g4 Bf8 44. Rd2 Bd6+ 45. Kh3 Bf4 46. Rdd1 Rg8 47. Bf2 Bc8
48. Bg3 Be3 49. Rg2 h6 50. Be5 Bc5 51. Rgd2 Bb7 52. Rd7 Bd5 53. Rxf7 e3 54. Re1
Rg5 55. Bf4 Rg8 56. Bxh6 Bf3 57. Bg7+ Kh7 58. g5 Bxh5 59. Rxa7 Kg6 60. Bh6 Rd8
61. Rf1 Bf3 62. Rxf3 e2 63. Kg4 Rg8 64. Rg7+ Rxg7 65. fxg7 Kh7 66. Rf8 1-0

[Event "4NCL/Div1/WGR vs. HKF1"]
[Site "Sunningdale ENG"]
[Date "2008.05.04"]
[Round "10.5"]
[White "McDonald, Neil"]
[Black "McFarland, Robert S"]
[Result "1-0"]
[WhiteElo "2386"]
[BlackElo "2230"]
[PlyCount "117"]
[EventDate "2008.05.04"]
[EventCountry "ENG"]
[SourceDate "2007.09.15"]

1. e4 g6 2. d4 Bg7 3. Nc3 d6 4. Be3 a6 5. Qd2 Nd7 6. Bd3 c5 7. Nf3 cxd4 8. Bxd4
Ngf6 9. O-O O-O 10. Rfe1 b6 11. Nd5 Bb7 12. c4 e6 13. Nxf6+ Nxf6 14. Qb4 Rb8
15. Bxb6 Bxe4 16. Bxd8 Rxb4 17. Bxf6 Bxd3 18. Bxg7 Kxg7 19. b3 d5 20. Ne5 dxc4
21. bxc4 Bxc4 22. a3 Ra4 23. Nd7 Bb5 24. Nxf8 Kxf8 25. Rec1 Bc4 26. Rab1 Bb5
27. Rc3 Rd4 28. h3 h5 29. Rb4 Rxb4 30. axb4 Kg7 31. f3 Kf6 32. Kf2 e5 33. h4
Kf5 34. Rc7 f6 35. Rg7 Ba4 36. Ke3 Bb5 37. g3 Be8 38. Rg8 Bb5 39. g4+ hxg4 40.
fxg4+ Kxg4 41. Rxg6+ Kxh4 42. Ke4 Bc6+ 43. Ke3 Bb5 44. Rxf6 Kg5 45. Rf8 Bc6 46.
Kd3 Kg6 47. Kc4 e4 48. Kd4 Kg7 49. Rf2 Kg6 50. Ke5 Kg7 51. Rc2 Bb5 52. Kxe4 Kf6
53. Kd5 Ke7 54. Kc5 Kd7 55. Kb6 Kd8 56. Ra2 Kc8 57. Rxa6 Bxa6 58. Kxa6 Kc7 59.
b5 1-0